000
00193nam a22000977a 4500
041
_a
eng
080
_a
80
100
_a
Матукайтес, З. В.
245
_a
Spoken English.
999
_c
280507
_d
280507
942
_c
BK